|
|
|
|
| LEADER |
00651nab a2200181 i 4500 |
| 001 |
acta14577 |
| 005 |
20210409130328.0 |
| 008 |
161015s1976 hu o 0|| eng d |
| 022 |
|
|
|a 0001-6969
|
| 040 |
|
|
|a SZTE Egyetemi Kiadványok Repozitórium
|b hun
|
| 041 |
|
|
|a eng
|
| 100 |
1 |
|
|a Wilczyński Władysław
|
| 245 |
1 |
0 |
|a Finite partitions of the real line consisting of similar sets
|h [elektronikus dokumentum] /
|c Wilczyński Władysław
|
| 260 |
|
|
|c 1976
|
| 300 |
|
|
|a 191-192
|
| 490 |
0 |
|
|a Acta scientiarum mathematicarum
|v 38 No. 1-2
|
| 695 |
|
|
|a Matematika
|
| 856 |
4 |
0 |
|u http://acta.bibl.u-szeged.hu/14577/1/math_038_fasc_001_002_191-192.pdf
|z Dokumentum-elérés
|